000 00676nam a22001937a 4500
999 _c185560
_d185560
005 20220204105936.0
010 _aENG-131398
020 _a9789354490064
_c470.00
035 _aEN-114930
037 _bDBAD
082 _a000
100 _aKulkarni, Mukul
245 _aEthics, Integrity and Aptitude:
_bFor UPSC Main GS Paper IV/
_cMukul Kulkarni, Akshay Patil
260 _aUttar Pradesh
_bPearson India Education Services
_c2021
270 _a15th Floor, Tower-B, World Trade, Plot No. 1, Block-C, Sector 16,
_bNoida
_e201301
_mcompanysecretary.india@pearson.com
300 _avp.
_c25cm(pbk)
700 _aPatil, Akshay
942 _2ddc
_cEN
_h000
_mKUL